000
00197 a2200097 4500
001
4451
100
_a
Lawson,J.L
245
_a
Threshold dignals
260
_a
_b
Mcgrawhill
_c
090
_c
3649
_d
3649
942
_a
NUST-CAE
_c
M
_c
29435
999
_c
239524
_d
239524